Managing packaged tourism : relationships, responsibilities and service quality in the inclusive holiday industry

Αποθηκεύτηκε σε:
Λεπτομέρειες βιβλιογραφικής εγγραφής
Κύριος συγγραφέας: Laws, Eric, 1945-
Μορφή: Βιβλίο
Γλώσσα:English
Δημοσίευση: London : International Thomson Business Press, 1997
Σειρά:Series in tourism and hospitality management
Θέματα:
Ετικέτες: Προσθήκη ετικέτας
Δεν υπάρχουν, Καταχωρήστε ετικέτα πρώτοι!

MARC

LEADER 00000cam a2200000 i 4500
001 1/65711
008 980826s1997 eng d
020 |a 0415113474 
035 |l 10029686 
040 |a GR-MY-UA  |b gre  |e aacr 
041 0 |a eng 
082 0 |a 338.4791068 
100 1 |a Laws, Eric,   |d 1945- 
245 1 0 |a Managing packaged tourism :  |b relationships, responsibilities and service quality in the inclusive holiday industry /  |c E. Laws 
260 |a London :   |b International Thomson Business Press,   |c 1997 
300 |a xxiii, 248 p. 
490 1 |a Series in tourism and hospitality management 
504 |a Includes bibliography and index 
650 0 0 |a Tourism  |x Management. 
830 0 |a Series in tourism and hospitality management 
852 |a INST  |b CHIOS  |e 19980826  |h 338.4791068 LAW  |p 005200015923  |q 005200015923  |t BK  |y 12 
901 |a BIBL-1998-2 
909 |a Χ  |b 058379 
922 |a 2ΕΛΗ  |b 199807  |c ΤΔΕ  |d ΠΑΠΑΣΩΤΗΡΙΟΥ